000 00861cam a2200253Ia 4500
008
020 _a0852953224 (hbk.)
049 _aMAIN
090 _aTS187
245 0 0 _aProcess utility systems :
_bintroduction to design, operation, and maintenance /
_cedited by Jack Broughton.
260 _aRugby :
_bInstitution of Chemical Engineers,
_cc1994.
300 _aviii, 282 p. :
_bill. ;
_c24 cm.
500 _aIncludes index.
504 _aIncludes bibliographical references.
650 0 _aPlant maintenance
_xManagement.
650 0 _aChemical plants
_xDesign and construction.
700 1 _aBroughton, Jack.
710 2 _aInstitution of Chemical Engineers (Great Britain)
907 _a.b10069318
_b05-09-05
_c17-04-03
003
005 20230123133244.0
040 _cNUST
942 _cBOOKS
_kTS187
999 _c145441
_d145441